[Event "BEL-ch U12"]
[Site "Blankenberge"]
[Date "2014.04.14"]
[Round "3"]
[White "Huynh, Laurent"]
[Black "Deniz, Patrick"]
[Result "1-0"]
[WhiteElo "1710"]
[BlackElo "1164"]
[PlyCount "33"]
[EventDate "2014.04.13"]
[EventType "swiss"]
[EventRounds "9"]
[EventCountry "BEL"]
[SourceTitle "EXT 2022"]
[Source "ChessBase"]
[SourceDate "2021.10.06"]
[SourceVersion "1"]
[SourceVersionDate "2021.10.06"]
[SourceQuality "1"]

1. Nf3 Nc6 2. c4 e5 3. Nc3 Nf6 4. d3 Bb4 5. Bd2 0-0 6. g3 d6 7. Bg2 h6 8. 0-0 Be6 9. a3 Bc5 10. b4 Bd4 11. e3 Bxc3 12. Bxc3 d5 13. cxd5 Nxd5 14. Bxe5 Nxe5 15. Nxe5 Qd6 16. Nc4 c6 17. Nxd6 1-0